000 00963nas a2200313 4500
001 BR0905139
003 BR-BrBNA
005 20231205113611.0
007 ta
008 230509b bl.|||p| |||| 00| 00por d
040 _aBR-BrBNA
_bpor
_cBiblioteca Nacional de Agricultura
041 _a(Pt)
072 _aL51
100 1 _aFurtado, C.E.
100 1 _aQuadros, J.B. da S.
100 1 _aVitti, D.M.S.S.
100 1 _aBueno, I.C. da S.
100 1 _aDias, R.S.
100 1 _aRoque, A.P.
245 1 _aDisponibilidade biológica e exigências de cálcio em equinos em crescimento recebendo dietas com diferentes níveis de cálcio
650 _aCAVALO
650 _aDIETA
650 _aCÁLCIO
650 _aEXIGÊNCIA NUTRICIONAL
650 _aMETABOLISMO
773 0 _tRevista Brasileira de Zootecnia (Brazil)
_xISSN 1516-3598
_g(Mar 2009), v. 38(3) p. 493-499
_wBR0905139
909 _a202311
_bLúcia
_c55
_dLúcia Elande
942 _2AGRIS
_n0
_cANA
999 _c204650
_d204650